Top 20 Lifetime Grossing Movies - Statistics

General Stats
  • This quiz has been taken 26 times
  • The average score is 8 of 20
Answer Stats
Hint Answer % Correct
2009 Avatar
100%
2019 Avengers: Endgame
91%
2018 Avengers: Infinity War
83%
1997 Titanic
83%
2012 The Avengers
78%
2015 Avengers: Age of Ultron
48%
2023 Barbie
48%
2013 Frozen
39%
2019 Frozen II
35%
2022 Avatar: The Way of Water
30%
2018 Black Panther
30%
2021 Spider-Man: No Way Home
30%
2022 Top Gun: Maverick
26%
2015 Jurassic World
22%
2017 Star Wars: Episode VIII- The Last Jedi
17%
2015 Star Wars: Episode VII- The Force Awakens
17%
2019 The Lion King
17%
2011 Harry Potter and the Deathly Hallows: Part 2
13%
2015 Furious 7
9%
2023 The Super Mario Bros. Movie
9%
No matching quizzes found
Score Distribution
Percent of People with Each Score
Percentile by Number Answered
Your Score History
You have not taken this quiz